000 00311nam a2200121Ia 4500
003 GCL
008 140319s9999 xx 000 0 ara d
040 _aGCL /
_cGCL
082 0 4 _a641.1
_bم غ
245 1 0 _aالغذاء والتغذية
260 _a[S.N] :
_bدار الفكر العربى ،
_c1983
490 _a
999 _c59150
_d59150